Cities Featured in The X-Files - Statistics

General Stats
  • This quiz has been taken 31 times
    27 since last reset
  • The average score is 25 of 82
Answers on the Map
Answers color-coded by a green-red scale on the quiz's map according to % correct below.
 
Answer Stats
Group Answer % Correct
U.S. Cities Los Angeles
96%
U.S. Cities San Francisco
87%
U.S. Cities Chicago
83%
U.S. Cities Seattle
83%
U.S. Cities Washington, D.C.
83%
U.S. Cities Houston
74%
Other Cities London
74%
U.S. Cities New York
74%
U.S. Cities Honolulu
70%
U.S. Cities Las Vegas
70%
U.S. Cities San Diego
70%
U.S. Cities Phoenix
65%
U.S. Cities Sacramento
65%
Other Cities Vancouver
65%
U.S. Cities Boston
61%
U.S. Cities Dallas
61%
U.S. Cities Minneapolis
61%
U.S. Cities New Orleans
61%
U.S. Cities Kansas City
52%
U.S. Cities Oklahoma City
52%
U.S. Cities Cleveland
48%
U.S. Cities Memphis
48%
U.S. Cities Philadelphia
48%
U.S. Cities Saint Paul
48%
U.S. Cities San Antonio
48%
U.S. Cities Tallahassee
48%
U.S. Cities Buffalo
43%
U.S. Cities Helena
43%
Other Cities Hong Kong
43%
U.S. Cities Pittsburgh
43%
U.S. Cities Providence
43%
U.S. Cities Richmond
39%
U.S. Cities Baltimore
35%
U.S. Cities St. Louis
35%
U.S. Cities Fresno
30%
Other Cities Mumbai
26%
U.S. Cities Newark
26%
U.S. Cities Raleigh
26%
U.S. Cities Scranton
26%
U.S. Cities Syracuse
26%
U.S. Cities Alexandria
22%
U.S. Cities Atlantic City
22%
Other Cities Calgary
22%
U.S. Cities Dover
22%
U.S. Cities Wilmington
22%
U.S. Cities Knoxville
17%
U.S. Cities Macon
17%
U.S. Cities Roswell
17%
U.S. Cities Winston-Salem
17%
U.S. Cities Worcester
17%
U.S. Cities Allentown
13%
U.S. Cities Cambridge
13%
U.S. Cities Charlottesville
13%
U.S. Cities Nome
13%
U.S. Cities Boca Raton
9%
U.S. Cities Lexington
9%
U.S. Cities Pasadena
9%
U.S. Cities Santa Monica
9%
U.S. Cities Sioux City
9%
U.S. Cities Traverse City
9%
U.S. Cities Clarksville
4%
U.S. Cities Falls Church
4%
U.S. Cities Gaithersburg
4%
U.S. Cities Manassas
4%
U.S. Cities Spartanburg
4%
U.S. Cities Warwick
4%
U.S. Cities Weston
4%
U.S. Cities Bellflower
0%
U.S. Cities Burley
0%
U.S. Cities Camdenton
0%
U.S. Cities Costa Mesa
0%
U.S. Cities Elko
0%
U.S. Cities Franklin
0%
U.S. Cities Loveland
0%
U.S. Cities Marion
0%
U.S. Cities Martinsburg
0%
U.S. Cities Mattawa
0%
U.S. Cities Mendota
0%
U.S. Cities Meridian
0%
U.S. Cities Muncie
0%
U.S. Cities North Platte
0%
Other Cities Tataouine
0%
No matching quizzes found
Score Distribution
Percent of People with Each Score
Percentile by Number Answered
Your Score History
You have not taken this quiz since the last reset